000 00830nam a2200253Ia 4500
003 OSt
005 20251103101415.0
008 210716s2017 xx 000 0 und d
020 _a9781138044975
040 _cAIMIT LIBRARY
041 _aeng
082 _a005.76
_bHAST
100 _aHastie, Trevor.
_9243438
245 _aStatistical learning with sparsity:
_blasso and generalizations /
_cBy Trevor Hastie, Robert Tibshirani and Martin Wainwright.
250 _a1st ed.
260 _aNew York
_bCRC Press
_c2017
300 _axv,351 p.;
_bPB
_c24 cm.
650 _aLasso for linear models
_9243439
650 _aGeneralizations of the Lasso penalty
_9243451
650 _aOptimization methods
_9243452
700 _aTibshirani, Robert.
_9243440
700 _aWainwright, Martin.
_9243441
942 _2ddc
_cBK
_k005.76 HAST
999 _c196855
_d196855